| 000 | 00737cam a2200241 4500 | ||
|---|---|---|---|
| 001 | ABS61454 | ||
| 008 | 000000n1999 000 0 eng u | ||
| 035 | _a(Sirsi) u100977 | ||
| 100 | _aDyson, H. | ||
| 245 | _aProperty in France - who inherits? | ||
| 260 | _c1999 | ||
| 490 |
_aSolicitors` Journal _v143(39) 17 September 1999, 864-865(2) |
||
| 520 | _aExamines the pitfalls and how to avoid them in French succession law that can face English couples buying real property in France. | ||
| 590 | _aABS | ||
| 650 | _aSUCCESSION LAW | ||
| 650 | _aPROPERTY PURCHASE | ||
| 650 | _aHAGUE CONVENTION | ||
| 650 | _aFRANCE | ||
| 650 | _aCONVEYANCING | ||
| 690 | _aPROPERTY LAW AND PRACTICE | ||
| 700 | _aSmith, S. | ||
| 942 | _n0 | ||
| 999 |
_c60266 _d60266 |
||